| 000 | 00386nam a2200145Ia 4500 | ||
|---|---|---|---|
| 005 | 20250616011136.0 | ||
| 008 | 240331s9999 xx 000 0 und d | ||
| 082 |
_bPER _a303 |
||
| 100 | _aPerera,J | ||
| 245 | 0 | _aYuddhayada samayada? | |
| 260 |
_aColombo _bNational Peace Council _c1998 |
||
| 300 | _a103 p ., ( C 2 ) | ||
| 500 | _aA series of Analysing the ethnic Struggle | ||
| 942 | _cL | ||
| 999 |
_c5576 _d5576 |
||